Social development : (Record no. 15023)
[ view plain ]
| 000 -LEADER | |
|---|---|
| fixed length control field | 01103cam a22003257i 4500 |
| 001 - CONTROL NUMBER | |
| control field | 17629288 |
| 005 - DATE AND TIME OF LATEST TRANSACTION | |
| control field | 20161018113312.0 |
| 008 - FIXED-LENGTH DATA ELEMENTS--GENERAL INFORMATION | |
| fixed length control field | 130219s2014 cau b 001 0 eng c |
| 010 ## - LIBRARY OF CONGRESS CONTROL NUMBER | |
| LC control number | 2013933374 |
| 016 7# - NATIONAL BIBLIOGRAPHIC AGENCY CONTROL NUMBER | |
| Record control number | 016499284 |
| Source | Uk |
| 020 ## - INTERNATIONAL STANDARD BOOK NUMBER | |
| International Standard Book Number | 9781412947770 |
| 020 ## - INTERNATIONAL STANDARD BOOK NUMBER | |
| International Standard Book Number | 1412947774 |
| 020 ## - INTERNATIONAL STANDARD BOOK NUMBER | |
| International Standard Book Number | 9781412947787 |
| 020 ## - INTERNATIONAL STANDARD BOOK NUMBER | |
| International Standard Book Number | 1412947782 |
| 035 ## - SYSTEM CONTROL NUMBER | |
| System control number | (OCoLC)ocn843859448 |
| 040 ## - CATALOGING SOURCE | |
| Original cataloging agency | BTCTA |
| Language of cataloging | eng |
| Transcribing agency | BTCTA |
| Description conventions | rda |
| Modifying agency | UKMGB |
| -- | BDX |
| -- | YDXCP |
| -- | MNU |
| -- | CGU |
| -- | OCLCF |
| -- | DLC |
| 042 ## - AUTHENTICATION CODE | |
| Authentication code | pcc |
| 050 00 - LIBRARY OF CONGRESS CALL NUMBER | |
| Classification number | HN29.5.M534 2014 |
| Item number | .M534 2014 |
| 100 1# - MAIN ENTRY--PERSONAL NAME | |
| Personal name | Midgley, James, |
| Relator term | author. |
| 245 10 - TITLE STATEMENT | |
| Title | Social development : |
| Remainder of title | theory & practice / |
| Statement of responsibility, etc. | James Midgley. |
| 246 3# - VARYING FORM OF TITLE | |
| Title proper/short title | Social development, theory and practice |
| 300 ## - PHYSICAL DESCRIPTION | |
| Extent | xvi, 280 pages ; |
| Dimensions | 25 cm |
| 504 ## - BIBLIOGRAPHY, ETC. NOTE | |
| Bibliography, etc | Includes bibliographical references (pages 240-264) and index. |
| 650 #0 - SUBJECT ADDED ENTRY--TOPICAL TERM | |
| Topical term or geographic name as entry element | Applied sociology. |
| 650 #0 - SUBJECT ADDED ENTRY--TOPICAL TERM | |
| Topical term or geographic name as entry element | Social change. |
| 906 ## - LOCAL DATA ELEMENT F, LDF (RLIN) | |
| a | 7 |
| b | cbc |
| c | pccadap |
| d | 2 |
| e | ncip |
| f | 20 |
| g | y-gencatlg |
| 942 ## - ADDED ENTRY ELEMENTS (KOHA) | |
| Source of classification or shelving scheme | |
| Koha item type | Hard Covered Materials |
| Classification part | HN29.5.M534 2014 |
| Withdrawn status | Lost status | Source of classification or shelving scheme | Damaged status | Not for loan | Home library | Current library | Shelving location | Date acquired | Source of acquisition | Cost, normal purchase price | Total Checkouts | Full call number | Barcode | Date last seen | Price effective from | Koha item type |
|---|---|---|---|---|---|---|---|---|---|---|---|---|---|---|---|---|
| MACHAKOS UNIVERSITY LIBRARY | MACHAKOS UNIVERSITY LIBRARY | Short Loan | 18/10/2016 | Purchase | 4300.00 | HN29.5.M534 2014 | 26984 | 18/10/2016 | 18/10/2016 | Hard Covered Materials | ||||||
| MACHAKOS UNIVERSITY LIBRARY | MACHAKOS UNIVERSITY LIBRARY | Open shelf | 18/10/2016 | Purchase | 4300.00 | HN29.5.M534 2014 | 26983 | 18/10/2016 | 18/10/2016 | Hard Covered Materials |